| 000 | 00489pab a2200169 454500 | ||
|---|---|---|---|
| 008 | 180718b2013 xxu||||| |||| 00| 0 eng d | ||
| 100 | _aQuraishi, S Iqbal | ||
| 245 | _aWho deserves to be the chief executive officer of the universities in India | ||
| 260 | _c2013 | ||
| 300 | _ap.14-15. | ||
| 362 | _a8 Jul | ||
| 650 | _aUniversities - India | ||
| 650 | _aEducational administrators - India | ||
| 650 | _aEducational administrators | ||
| 773 | _aUniversity News | ||
| 909 | _a110165 | ||
| 999 |
_c110160 _d110160 |
||